000 00669 a2200217 4500
005 20260415144727.0
008 260415b |||||||| |||| 00| 0 eng d
020 _a978-1-032-87255-1
037 _cTB
040 _aCRL
_cCRL
041 _2eng
_aeng
084 _aD65,8(B):3 R6
_qCRL
100 _aLaw, Sau Wai
_9860196
245 _aData literacy: the essential language in the digital era
260 _aLondon:
_bRoutledge,
_c2026.
300 _a372p.
365 _b44.99
_cGBP
650 _aComputer application
942 _cTB
_2CC
_hD65,8(B):3 R6
999 _c1466590
_d1466590